000 00978nac a22003131u 4500
003 EG-ScBUE
005 20220706115513.0
008 130108r20081999enkabc f 000 0 eng d
020 _a019422872X
020 _a9780194228725
040 _aEG-ScBUE
_beng
_erda
_cEG-ScBUE
_dEG-ScBUE
082 0 4 _a428.6
_bFLI
_222
100 1 _aFlinders, Steve,
_eauthor.
_931789
245 1 4 _aThe olympic games /
_cSteve Flinders.
250 _aReprinted edition.
264 1 _aOxford ;
_aNew York :
_bOxford University Press,
_c2008.
300 _a30 pages :
_billustrations (some color), maps, portraits ;
_c21 cm.
336 _2rdacontent
_atext
_btxt
337 _2rdamedia
_aunmediated
_bn
338 _2rdacarrier
_avolume
_bnc
490 0 _aFact files
490 0 _aOxford book worms ;
_v3
650 7 _aReaders (Elementary)
_931791
_2BUEsh
650 7 _aReaders (Primary)
_2BUEsh
651 _2BUEsh
653 _bHHUUEENN
655 _vReading book
_934232
942 _cBB
_2ddc
999 _c2280
_d2280